LEADER 01518nam a2200361 a 4500 001 000000125202 003 CaOOAMICUS 005 20110504135816.0 008 110504s2011 it acf u000 u ita r 020 $a978-88-06-19595-3 (v. 1-2) 040 $aPUL$bita 041 1 $aita$hfre 082 04$a273 100 1 $aSainte-Beuve, Charles Augustin,$d1804-1869.$0(OLS)http://pul/name/23439 240 10$aPort-Royal.$lItaliano.$0(OLS)http://pul/title/157844 245 10$aPort-Royal /$cSainte-Beuve ; a cura di Mario Richter. 260 $aTorino :$bGiulio Einaudi,$c©2011. 300 $a2 v. :$bill., ritr., tav. ;$c22 cm 490 1 $aI millenni 500 $aInclude indice. 504 $aBibliografia in nota. 650 4$aGiansenismo$zFrancia.$0(OLS)http://pul/subject/28057 700 1 $aRichter, Mario.$0(OLS)http://pul/name/8989 830 2$aI millenni.$0(OLS)http://pul/title/40827 850 $aPUL 852 $aPUL$W1$xSL Religione 3$y85$m273 SAICH 1.1$j144157$av. 1$qDDC 21$B143192$CPULBib$Z2$F143192 $H117064 $82 852 $aPUL$W1$xSL Religione 3$y85$m273 SAICH 1.2$j144158$av. 2$qDDC 21$B143193$CPULBib$Z2$F143193 $H117065 $82 941 1 $a9 996 $6020$a978-88-06-19595-3 (v. 1-2)$9(OLS)http://pul/number/147053 996 $6082$a273$9(OLS)http://pul/classification/663 996 $6245$aPort-Royal$9(OLS)http://pul/title/39460 996 $6260$aTorino :$bGiulio Einaudi$9(OLS)http://pul/publisher/54573 LEADER 01195nam a2200289 a 4500 001 000000137450 003 CaOOAMICUS 005 20140224114726.0 008 140224s2012 it u000 u ita r 020 $z978-884673568-3* 040 $aPUL$bita 082 04$a194 100 1 $aCiglia, Francesco Paolo,$d1952-$0(OLS)http://pul/name/41064 245 10$aVoce di silenzio sottile :$bsei studi su Levinas /$cFrancesco Paolo Ciglia. 260 $aPisa :$bETS,$c©2012. 300 $a219 p. ;$c22 cm. 490 1 $aPhilosophica. Serie rossa ;$v110 600 14$aLévinas, Emmanuel,$d1906-1995$xFilosofia.$0(OLS)http://pul/subject/35241 830 0$aPhilosophica (ETS)$pSerie rossa ;$v110.$0(OLS)http://pul/title/157046 850 $aPUL 852 $aPUL$W1$xSL Filosofia 3$y81$m194 LEVEM 11$j158450$qDDC 21$B157969$CPULBib$Z2$F157969 $H123556 $82 941 1 $a9 996 $6020$z978-884673568-3*$9(OLS)http://pul/number/154557 996 $6082$a194$9(OLS)http://pul/classification/382 996 $6245$aVoce di silenzio sottile :$bsei studi su Levinas$9(OLS)http://pul/title/174015 996 $6260$aPisa :$bETS$9(OLS)http://pul/publisher/65234